Kar'jera menedžera

Salvato in:
Dettagli Bibliografici
Autore principale: Iacocca, Lee
Altri autori: Novak, William
Natura: Libro
Lingua:russo
Pubblicazione: Moskva Progress 1990
Edizione:1. izd.
Soggetti:
Tags: Aggiungi Tag
Nessun Tag, puoi essere il primo ad aggiungerne!!

MARC

LEADER 00000nam a2200000 4500
001 c000266
005 20240911105614.4
020 |a 5-01-001909-04 
041 0 |a rus 
044 |a RU 
245 1 0 |a Kar'jera menedžera  |c Lee Iacocca, William Novak ; [Z angl. prel.] R.I. Stolper 
250 |a 1. izd. 
264 1 |a Moskva  |b Progress  |c 1990 
300 |a 380 s. 
610 2 0 |a manažment 
610 2 0 |a pracovníci riadiaci 
610 2 0 |a Iacocca, L. 
610 2 0 |a životopisy 
610 2 0 |a USA 
610 2 0 |a úspech pracovný 
100 1 |a Iacocca, Lee 
700 1 |a Novak, William